<?xml version="1.0" encoding="UTF-8"?>
<collection xmlns="http://www.loc.gov/MARC21/slim">
 <record>
  <leader>02571nam a2200361 i 4500</leader>
  <controlfield tag="001">000718600</controlfield>
  <controlfield tag="003">CZ-PrGP</controlfield>
  <controlfield tag="005">20241102173448.0</controlfield>
  <controlfield tag="007">cr cn</controlfield>
  <controlfield tag="008">240910s2021    xr            000 0 cze</controlfield>
  <datafield tag="STA" ind1=" " ind2=" ">
   <subfield code="a">NEZPRACOVANÝ IMPORT</subfield>
  </datafield>
  <datafield tag="020" ind1=" " ind2=" ">
   <subfield code="a">978-80-242-7507-9</subfield>
   <subfield code="c">0 Kč</subfield>
   <subfield code="q">(online ; epub)</subfield>
  </datafield>
  <datafield tag="020" ind1=" " ind2=" ">
   <subfield code="a">978-80-242-7366-2</subfield>
   <subfield code="c">349 Kč</subfield>
   <subfield code="q">(print)</subfield>
  </datafield>
  <datafield tag="072" ind1=" " ind2="7">
   <subfield code="a">SEL031000</subfield>
   <subfield code="x">SELF-HELP / Personal Growth / General</subfield>
   <subfield code="2">bisacsh</subfield>
  </datafield>
  <datafield tag="100" ind1="1" ind2=" ">
   <subfield code="a">Ladislav, Špaček</subfield>
  </datafield>
  <datafield tag="245" ind1="1" ind2="0">
   <subfield code="a">Byznys etiketa a komunikace</subfield>
   <subfield code="c">Špaček Ladislav</subfield>
  </datafield>
  <datafield tag="250" ind1=" " ind2=" ">
   <subfield code="a">1. elektronické vydání</subfield>
  </datafield>
  <datafield tag="264" ind1=" " ind2="1">
   <subfield code="b">Universum</subfield>
   <subfield code="c">2021</subfield>
  </datafield>
  <datafield tag="300" ind1=" " ind2=" ">
   <subfield code="a">1 online zdroj (376 stran)</subfield>
  </datafield>
  <datafield tag="336" ind1=" " ind2=" ">
   <subfield code="a">text</subfield>
   <subfield code="b">txt</subfield>
   <subfield code="2">rdacontent</subfield>
  </datafield>
  <datafield tag="337" ind1=" " ind2=" ">
   <subfield code="a">počítač</subfield>
   <subfield code="b">c</subfield>
   <subfield code="2">rdamedia</subfield>
  </datafield>
  <datafield tag="338" ind1=" " ind2=" ">
   <subfield code="a">online zdroj</subfield>
   <subfield code="b">cr</subfield>
   <subfield code="2">rdacarrier</subfield>
  </datafield>
  <datafield tag="520" ind1="3" ind2=" ">
   <subfield code="a">Kniha BYZNYS ETIKETA A KOMUNIKACE je určena všem, kteří chtějí dosáhnout úspěchu ve své profesi, ať už ve světě obchodu, financí, veřejné správy či politiky. Je nepostradatelná pro všechny, kdo komunikují s klienty či obchodními partnery, ať jde o manažery firem a úřadů, obchodní zástupce, agenty pojišťoven, realitní makléře či pracovníky finančních společností, kteří nabízejí služby veřejnosti. Je skvělou příručkou pro studenty diplomacie a mezinárodních vztahů, komunikace a mediální komunikace.Podrobně rozebírá pravidla etikety ve všech oblastech, které podmiňují úspěch při jednání, počínaje vhodným oblečením přes kontaktní situace až po stolování a účast na společenských akcích. Najdeme v ní praktické návody, jak řešit dress code, pozvánky, chování při různých pracovních i společenských setkáních. V kapitolách o komunikaci najde čtenář poučení o zásadách jednání s klientem, o vyjednávání a jeho taktice, o dovednosti, jak účinně prezentovat. Nechybějí kapitoly o jazykové stránce veřejných projevů a rétorice. Manažeři a politikové uvítají i kapitoly o komunikaci s médii. Kniha poslouží jako praktické kompendium zahrnující všechny poznatky z oboru etikety a komunikačních dovedností.</subfield>
  </datafield>
  <datafield tag="650" ind1="0" ind2="4">
   <subfield code="a">Osobní rozvoj a poznání</subfield>
  </datafield>
  <datafield tag="650" ind1="0" ind2="4">
   <subfield code="a">Podnikání, ekonomie a finance</subfield>
  </datafield>
  <datafield tag="650" ind1="0" ind2="4">
   <subfield code="a">Osobní rozvoj a kariéra</subfield>
  </datafield>
  <datafield tag="856" ind1="4" ind2="0">
   <subfield code="u">https://www.bookport.cz/AccountSaml/SignIn/?idp=https://id.vse.cz/idp/shibboleth&amp;returnUrl=/kniha/byznys-etiketa-a-komunikace-12935/</subfield>
   <subfield code="y">Plný text</subfield>
  </datafield>
  <datafield tag="BAS" ind1=" " ind2=" ">
   <subfield code="a">BOOKPORT</subfield>
  </datafield>
  <datafield tag="BAS" ind1=" " ind2=" ">
   <subfield code="a">EB</subfield>
  </datafield>
  <datafield tag="LKR" ind1=" " ind2=" ">
   <subfield code="a">PAR</subfield>
   <subfield code="b">000686402</subfield>
   <subfield code="l">UEP01</subfield>
   <subfield code="r">776</subfield>
   <subfield code="m">E-book</subfield>
   <subfield code="n">Tištěná verze</subfield>
  </datafield>
  <datafield tag="993" ind1=" " ind2=" ">
   <subfield code="x">NEPOSILAT</subfield>
   <subfield code="y">EB</subfield>
  </datafield>
 </record>
</collection>
